| 000 | 00887nam a22001937a 4500 | ||
|---|---|---|---|
| 999 |
_c63006 _d63006 |
||
| 003 | Ge_BSU | ||
| 005 | 20250430123916.0 | ||
| 008 | 250430s1988 ge ||||| |||| 00| 0 geo d | ||
| 041 | _ageo | ||
| 080 | _a591.615(479.22) ყ-94 | ||
| 100 |
_aყურაშვილი, ბ. _922605 |
||
| 245 |
_aსაქართველოს ცხოველთა სამყაროს დაცვა და რაციონალური გამოყენება / _cბორის ყურაშვილი. |
||
| 264 |
_aთბ. : _bსაბჭ. საქართველო, _c1988. |
||
| 300 |
_a154 გვ. : _b ილ. ; _c19 სმ. |
||
| 500 | _aსაძიებლები გვ. 152-153. | ||
| 504 | _aბიბლიოგრ.: გვ. 150-151. | ||
| 653 | _aცხოველთა დაცვა საქართველოში | ||
| 942 |
_2udc _cBK |
||